000 01395nam a2200301 i 4500
001 170690
003 ES-MaACL
005 20250808062736.0
008 090331s1953 sp |||| | spa d
100 0 _aTomás de Aquino,
_cSanto
_9110514
240 1 0 _aSumma theologica.
_lEspañol-Latín
245 1 0 _aSuma teológica.
_nT. II /
_cde Santo Tomás de Aquino ; texto latino de la edición crítica Leonina ; traducción y anotaciones por una comisión de PP. Dominicos presidida por Francisco Barbado Viejo ; introducción general por Santiago Ramírez.
260 _aMadrid :
_b[La Editorial Católica],
_c1953.
300 _aXX, 594 p. ;
_c20 cm.
490 1 _aBiblioteca de autores cristianos ;
_v41
505 8 _aContiene : Tratado de la Santísima Trinidad / traducción de Raimundo Suárez ; introducciones de Manuel Cuervo. Tratado de la creación en general / traducción e introducciones de Jesús Valbuena
546 _aTexto en latín y castellano.
700 1 _aBarbado Viejo, Francisco,
_cObispo de Salamanca.
_9139678
700 0 _aRamírez, Santiago.
_995112
700 1 _aSuárez, Raimundo.
_9139707
700 0 _aCuervo, Manuel.
_942019
700 1 _aValbuena, Jesús.
_9139709
830 0 0 _aBiblioteca de autores cristianos
_v41
_9178679
852 _aES-MaACL
_jJ-40
_946092
852 _aES-MaACL
_jP-1012-Bis-2
999 _c170690
_d170690